Loading...
Fine Arts - Auditory Fine Arts | 0 | 3 | 0 | 0 | 30 | 124 | 137.33 | 0 | 2 |
Literature - World Literature | 0 | 3 | 0 | 1 | 30 | 130 | 139.67 | 0 | 0 |
Literature - British Literature | 0 | 3 | 0 | 0 | 30 | 135 | 136.00 | 0 | 2 |
Literature - American Literature | 1 | 1 | 0 | 0 | 25 | 80 | 107.00 | 0 | 2 |
Social Science | 0 | 1 | 0 | 0 | 10 | 119 | 119.00 | 0 | 0 |
Fine Arts - Other Fine Arts | 0 | 1 | 0 | 0 | 10 | 127 | 127.00 | 0 | 1 |
History - American History | 0 | 1 | 0 | 1 | 10 | 133 | 133.00 | 0 | 1 |
History - Other History | 0 | 1 | 0 | 1 | 10 | 128 | 128.00 | 0 | 0 |
Science - Biology | 0 | 1 | 0 | 0 | 10 | 99 | 99.00 | 0 | 0 |
Current Events | 0 | 1 | 0 | 1 | 10 | 120 | 120.00 | 0 | 0 |
Philosophy | 0 | 1 | 0 | 0 | 10 | 106 | 106.00 | 0 | 0 |
Religion | 0 | 1 | 0 | 1 | 10 | 100 | 100.00 | 0 | 1 |
Literature - European Literature | 0 | 0 | 0 | 0 | 0 | 0.00 | 0 | 0 | |
Geography | 0 | 0 | 1 | 0 | -5 | 0.00 | 0 | 0 |